Report of the Second State Finance Commission, West Bengal, 2002 (Record no. 486133)

000 -LEADER
fixed length control field 00576cam a22001577a 4500
008 - FIXED-LENGTH DATA ELEMENTS--GENERAL INFORMATION
fixed length control field 180718b2002 xxu||||| |||| 00| 0 eng d
082 ## - DEWEY DECIMAL CLASSIFICATION NUMBER
Classification number Lx5412 F/2002
100 ## - MAIN ENTRY--PERSONAL NAME
Personal name West Bengal. Finance Commission
245 ## - TITLE STATEMENT
Title Report of the Second State Finance Commission, West Bengal, 2002
Statement of responsibility, etc. by Finance Department (Budget), West Bengal
260 ## - PUBLICATION, DISTRIBUTION, ETC.
Place of publication, distribution, etc. Calcutta
Name of publisher, distributor, etc. Finance Department (Budget)
Date of publication, distribution, etc. 2002
300 ## - PHYSICAL DESCRIPTION
Extent 251p.
500 ## - GENERAL NOTE
General note Chairman: Deb Kumar Basu
650 ## - SUBJECT ADDED ENTRY--TOPICAL TERM
Topical term or geographic name entry element Finance, Public - India
700 ## - ADDED ENTRY--PERSONAL NAME
Personal name West Bengal. Finance Department (Budget)
700 ## - ADDED ENTRY--PERSONAL NAME
Personal name Basu, Deb Kumar (Chairman)
Holdings
Withdrawn status Lost status Damaged status Not for loan Permanent Location Current Location Date acquired Full call number Barcode Date last seen Price effective from Koha item type
        Indian Institute of Public Administration Indian Institute of Public Administration 2018-08-04 Lx5412 F/2002 GG26484 2018-08-04 2018-08-04 GG

Powered by Koha